00510nam a2200193Ia 4500001000600000003000500006008004100011010001100052040000900063082001600072100001900088245009000107260003300197300001100230440000500241500000500246503001100251650005400262Z_143CHAP220113s1989 xx 000 0 und d a163115 cCHAP a591.0724 L6 aLoeb, Walter F aThe clinical chemistry of laboratory animals /cby Walter F. Loeb and Fred W. Quimby aNew York :bPergamon,c1989 a519 p. a a a148697 aAnimales de laboratorio I. Quimby, Fred W. II. t.